[Event "Manila AQ Prime op 3rd"]
[Site "Manila"]
[Date "2023.11.02"]
[Round "4"]
[White "Ignacio, Robin B"]
[Black "Dolfo, Allan II"]
[Result "1-0"]
[WhiteElo "1933"]
[BlackElo "1655"]
[PlyCount "105"]
[EventDate "2023.10.28"]
[EventType "swiss"]
[EventRounds "9"]
[EventCountry "PHI"]
[SourceTitle "CB46_2023"]
[SourceDate "2023.11.15"]
[SourceVersion "1"]
[SourceVersionDate "2023.11.15"]
[SourceQuality "1"]

1. e4 c5 2. Nf3 d6 3. d4 cxd4 4. Nxd4 Nf6 5. Nc3 g6 6. g3 Bg7 7. Bg2 0-0 8. 0-0 Nc6 9. Nde2 a6 10. h3 Bd7 11. Be3 b5 12. Nd5 Nxd5 13. exd5 Ne5 14. b3 Bc8 15. Nd4 Re8 16. f4 Nd7 17. Nc6 Qc7 18. Rc1 Bb2 19. Rb1 Bf6 20. c4 Nb8 21. Bd4 Nxc6 22. Bxf6 Na5 23. Bc3 bxc4 24. Qd4 f6 25. b4 Nb7 26. g4 Nd8 27. Kh1 Qa7 28. Qd2 Rf8 29. Rbe1 Rb8 30. Re3 Rb7 31. Bd4 Qb8 32. g5 Bf5 33. Rfe1 Rf7 34. gxf6 exf6 35. Re8+ Kg7 36. Qc3 Qc8 37. a4 Qd7 38. Qxc4 Bxh3 39. R8e6 Bf5 40. Re8 Qxa4 41. Rxd8 Rxb4 42. Bxf6+ Kxf6 43. Qc3+ Rd4 44. Rxd6+ Kg7 45. Rxa6 Qc4 46. Qb2 Kh6 47. Rc6 Qd3 48. Qf2 Qd2 49. Qxd2 Rxd2 50. Kh2 Rd7 51. Re5 Kh5 52. Kg3 Rd3+ 53. Bf3+ 1-0

[Event "Manila AQ Prime op 3rd"]
[Site "Manila"]
[Date "2023.10.29"]
[Round "3"]
[White "Nadera, Barlo A"]
[Black "Ignacio, Robin B"]
[Result "1-0"]
[WhiteElo "2168"]
[BlackElo "1933"]
[PlyCount "127"]
[EventDate "2023.10.28"]
[EventType "swiss"]
[EventRounds "9"]
[EventCountry "PHI"]
[SourceTitle "CB46_2023"]
[SourceDate "2023.11.15"]
[SourceVersion "1"]
[SourceVersionDate "2023.11.15"]
[SourceQuality "1"]

1. d4 Nf6 2. Nf3 e6 3. c4 Bb4+ 4. Bd2 Qe7 5. a3 Bxd2+ 6. Qxd2 b6 7. g3 Ba6 8. Qc2 0-0 9. Bg2 d5 10. Nbd2 Nbd7 11. 0-0 c5 12. Qa4 Bb7 13. e3 Rfc8 14. Rac1 Bc6 15. Qd1 dxc4 16. Nxc4 b5 17. Na5 Bd5 18. dxc5 Nxc5 19. Nd4 Bxg2 20. Kxg2 Qd6 21. Qe2 a6 22. Rfd1 Qd5+ 23. f3 Qh5 24. Ndc6 Rxc6 25. Nxc6 Ncd7 26. g4 Qh6 27. f4 g5 28. Qf3 Re8 29. h3 Nd5 30. Rd4 Qf6 31. Rc2 Kg7 32. Kg3 Rc8 33. Rdd2 h5 34. gxh5 gxf4+ 35. exf4 Kh6 36. Rxd5 exd5 37. Qxd5 Rg8+ 38. Kf3 Nb6 39. Ne7 Qxe7 40. Rc6+ Rg6 41. Rxg6+ fxg6 42. Qc6 Kxh5 43. Qxb6 Qd7 44. Qc5+ Kh6 45. Kg3 Qd3+ 46. Kh4 Qf3 47. Qd4 Kh7 48. b4 Qxa3 49. Kg5 Qxh3 50. Qa7+ Kh8 51. Qb8+ Kg7 52. Qc7+ Kg8 53. Qd8+ Kf7 54. Qf6+ Ke8 55. Qxg6+ Ke7 56. Qf6+ Ke8 57. Qe5+ Kd8 58. Qd5+ Ke7 59. Qe5+ Kd8 60. Qd6+ Ke8 61. f5 Qe3+ 62. Kg6 Qa7 63. Qc6+ Kd8 64. Qf6+ 1-0

[Event "Manila AQ Prime op 3rd"]
[Site "Manila"]
[Date "2023.10.28"]
[Round "1"]
[White "De Castro, Simeon Jr"]
[Black "Ignacio, Robin B"]
[Result "0-1"]
[WhiteElo "1043"]
[BlackElo "1933"]
[PlyCount "64"]
[EventDate "2023.10.28"]
[EventType "swiss"]
[EventRounds "9"]
[EventCountry "PHI"]
[SourceTitle "CB46_2023"]
[SourceDate "2023.11.15"]
[SourceVersion "1"]
[SourceVersionDate "2023.11.15"]
[SourceQuality "1"]

1. e4 c5 2. Nf3 d6 3. Bc4 e6 4. d3 Be7 5. a3 Nd7 6. 0-0 Ngf6 7. h3 a6 8. Nc3 b5 9. Ba2 Qc7 10. Kh1 Bb7 11. Nh2 0-0 12. Ne2 c4 13. f3 Rac8 14. d4 Rfd8 15. c3 e5 16. Be3 d5 17. exd5 Bxd5 18. Bb1 Bd6 19. Ng4 Nxg4 20. hxg4 Nf6 21. Qe1 e4 22. Ng1 exf3 23. gxf3 Bg3 24. Bf2 Bxf2 25. Qxf2 Nxg4 26. Qh4 Qf4 27. Qxh7+ Kf8 28. Be4 Rc6 29. fxg4 Bxe4+ 30. Nf3 Bxh7 31. Ne5 Rh6+ 32. Kg2 Rh2+ 0-1

[Event "PHI-ch U16"]
[Site "San Antonio"]
[Date "2014.04.26"]
[Round "9"]
[White "Balbona, John Francis"]
[Black "Ignacio, Robin B"]
[Result "1-0"]
[WhiteElo "1861"]
[BlackElo "1992"]
[PlyCount "63"]
[EventDate "2014.04.21"]
[EventType "swiss"]
[EventRounds "13"]
[EventCountry "PHI"]
[SourceTitle "CBM 160 Extra"]
[Source "ChessBase"]
[SourceDate "2014.07.01"]
[SourceVersion "1"]
[SourceVersionDate "2014.07.01"]
[SourceQuality "1"]

1. e4 e5 2. Nf3 Nc6 3. Bc4 Bc5 4. Nc3 Nf6 5. d3 d6 6. h3 Ne7 7. d4 exd4 8. Nxd4 Ng6 9. Be3 a6 10. a4 Bb4 11. Bd3 0-0 12. 0-0 Re8 13. Nd5 Nxd5 14. exd5 Bc5 15. Qh5 Re5 16. Qd1 Rxd5 17. Bc4 Re5 18. Nf3 Bxe3 19. fxe3 Re7 20. Ng5 Be6 21. Qh5 Nf8 22. Bxe6 g6 23. Qh6 fxe6 24. Rf3 Rg7 25. Raf1 Qe7 26. h4 e5 27. Rf6 d5 28. h5 gxh5 29. Qxh5 Nd7 30. Re6 Qxg5 31. Re8+ Nf8 32. Rfxf8# 1-0

[Event "PHI-ch U16"]
[Site "San Antonio"]
[Date "2014.04.23"]
[Round "5"]
[White "Ignacio, Robin B"]
[Black "Hijastro, Ardyin"]
[Result "1-0"]
[WhiteElo "1992"]
[BlackElo "1903"]
[PlyCount "109"]
[EventDate "2014.04.21"]
[EventType "swiss"]
[EventRounds "13"]
[EventCountry "PHI"]
[SourceTitle "CBM 160 Extra"]
[Source "ChessBase"]
[SourceDate "2014.07.01"]
[SourceVersion "1"]
[SourceVersionDate "2014.07.01"]
[SourceQuality "1"]

1. d4 Nc6 2. d5 Ne5 3. e4 d6 4. Nf3 Ng6 5. c4 Nf6 6. Nc3 e5 7. dxe6 Bxe6 8. Nd4 Bd7 9. Be2 Be7 10. Be3 c5 11. Nc2 Bc6 12. f3 Qb6 13. b3 0-0 14. 0-0 a5 15. Na3 Rad8 16. Qc2 Rfe8 17. Rad1 h6 18. Nab5 Bf8 19. Na4 Qa6 20. Nc7 Qa7 21. Nxe8 Rxe8 22. Nc3 Qb8 23. Rd2 Nh5 24. Rfd1 Nhf4 25. Bf1 b6 26. g3 Nh5 27. Bf2 Nf6 28. Nd5 Nd7 29. Bg2 b5 30. Ne3 Nb6 31. Nf5 Re6 32. Ne3 Re8 33. g4 Ne5 34. cxb5 Bxb5 35. Qc3 Nc6 36. Nf5 Nc8 37. Qe3 Qc7 38. Bg3 Ne5 39. Qc3 f6 40. h3 Qb6 41. Kh1 Nf7 42. Ne3 Qa6 43. a4 Bc6 44. Bf1 Qb7 45. Bc4 Kh8 46. Bxf7 Qxf7 47. Nf5 Ba8 48. Nxd6 Nxd6 49. Bxd6 Bxd6 50. Rxd6 Qc7 51. Qd3 Bc6 52. Kg2 Re7 53. Rd8+ Be8 54. Qd6 Qa7 55. Qc6 1-0